| 000 | 00550nam a2200169Ia 4500 | ||
|---|---|---|---|
| 003 | GCL | ||
| 008 | 140319s9999 xx 000 0 ara d | ||
| 040 |
_aGCL / _cGCL |
||
| 082 | 0 | 4 |
_a423 _bاق |
| 100 | 1 | _aادوار الياس الياس | |
| 245 | 1 | 0 |
_aقاموس الياس الجامعى عربى- انجليزى / _cادوار الياس الياس |
| 260 |
_a[S.N] : _bدار الياس العصرية للطباعه والنشر |
||
| 300 | _a836 ص | ||
| 650 | 0 | 4 | _aعربى\انجليزى |
| 650 | 0 | 4 | _aالمعاجم |
| 942 |
_2ddc _cREF |
||
| 999 |
_c59733 _d59733 |
||